| 000 | 00678nam a2200193 4500 | ||
|---|---|---|---|
| 001 | 122367 | ||
| 003 | ES-MaACL | ||
| 005 | 20230906191950.0 | ||
| 007 | t| | ||
| 008 | 070214s1964 sp r ||||1| spa d | ||
| 100 | 1 |
_aPowelson, John P. _993505 |
|
| 245 | 1 | 0 |
_aAmérica Latina _b: la revolución económica y social actual / _cJohn P. Powelson ; traducción revisada por Ana García, Bernal Piñeiro, Víctor Rieg García. |
| 260 |
_aMadrid : _bEdiciones del Castillo, _c1964. |
||
| 300 |
_aXI, 330 p. ; _c24 cm. |
||
| 700 | 1 |
_aGarcía, Ana. _953999 |
|
| 700 | 1 |
_aPiñeiro, Bernal. _992257 |
|
| 700 | 1 |
_aRieg García, Víctor. _997082 |
|
| 852 |
_aES-MaACL _jC-27346 _bR.56531 |
||
| 999 |
_c122367 _d122367 |
||